Statistics for Formula 1 World Drivers' Champions

Click here to take the quiz!

General Stats

  • This quiz has been taken 146 times
    (46 since last reset)
  • The average score is 67 of 74

Answer Stats

YearDriver% Correct
1954Juan Manuel Fangio
100%
1955Juan Manuel Fangio
100%
1956Juan Manuel Fangio
100%
1996Damon Hill
97%
1950Giuseppe Farina
97%
1951Juan Manuel Fangio
97%
1957Juan Manuel Fangio
97%
2020Lewis Hamilton
97%
2019Lewis Hamilton
97%
2018Lewis Hamilton
97%
2017Lewis Hamilton
97%
2015Lewis Hamilton
97%
2014Lewis Hamilton
97%
2022Max Verstappen
97%
2023Max Verstappen
97%
1999Mika Häkkinen
97%
1998Mika Häkkinen
97%
2016Nico Rosberg
97%
2013Sebastian Vettel
97%
2012Sebastian Vettel
97%
1993Alain Prost
94%
1952Alberto Ascari
94%
1953Alberto Ascari
94%
1991Ayrton Senna
94%
1990Ayrton Senna
94%
2006Fernando Alonso
94%
2005Fernando Alonso
94%
1997Jacques Villeneuve
94%
2009Jenson Button
94%
2007Kimi Räikkönen
94%
2008Lewis Hamilton
94%
2021Max Verstappen
94%
2000Michael Schumacher
94%
2001Michael Schumacher
94%
2002Michael Schumacher
94%
2003Michael Schumacher
94%
2004Michael Schumacher
94%
1995Michael Schumacher
94%
1994Michael Schumacher
94%
1984Niki Lauda
94%
2010Sebastian Vettel
94%
2011Sebastian Vettel
94%
1989Alain Prost
90%
1988Ayrton Senna
90%
1987Nelson Piquet
90%
1992Nigel Mansell
90%
1986Alain Prost
87%
1985Alain Prost
87%
1963Jim Clark
87%
1982Keke Rosberg
87%
1975Niki Lauda
87%
1977Niki Lauda
87%
1962Graham Hill
84%
1959Jack Brabham
84%
1960Jack Brabham
84%
1976James Hunt
84%
1979Jody Scheckter
84%
1978Mario Andretti
84%
1958Mike Hawthorn
84%
1961Phil Hill
84%
1980Alan Jones
81%
1972Emerson Fittipaldi
81%
1973Jackie Stewart
81%
1969Jackie Stewart
81%
1983Nelson Piquet
81%
1967Denny Hulme
77%
1974Emerson Fittipaldi
77%
1968Graham Hill
77%
1966Jack Brabham
77%
1971Jackie Stewart
77%
1965Jim Clark
77%
1964John Surtees
77%
1981Nelson Piquet
77%
1970Jochen Rindt
74%

Score Distribution

Percentile by Number Answered

Percent of People with Each Score

Your Score History

You have not taken this quiz since the last reset